Сопоставительный анализ этнической идентичности иммигрантов с русскими; Коммуникативные аспекты языка и культуры; Ч. 1

Detalhes bibliográficos
Parent link:Коммуникативные аспекты языка и культуры: сборник материалов XII Международной научно-практической конференции студентов и молодых ученых, г. Томск, 16-18 мая 2012 г./ Национальный исследовательский Томский политехнический университет (ТПУ), Институт международного образования и языковой коммуникации (ИМОЯК) ; под ред. С. А. Песоцкой.— , 2012
Ч. 1.— 2012.— [С. 98-100]
Autor principal: Нетребина А. В.
Outros Autores: Евдокимова Н. В. (научный руководитель)
Resumo:Заглавие с титульного листа.
Электронная версия печатной публикации.
Idioma:russo
Publicado em: 2012
coleção:Внутрикультурная коммуникация в эпоху информационного общества: социально-философский и образовательный аспекты
Assuntos:
Acesso em linha:http://www.lib.tpu.ru/fulltext/c/2012/C77/V1/020.pdf
Formato: Recurso Eletrônico Capítulo de Livro
KOHA link:https://koha.lib.tpu.ru/cgi-bin/koha/opac-detail.pl?biblionumber=607947

MARC

LEADER 00000naa2a2200000 4500
001 607947
005 20260316142144.0
035 |a (RuTPU)RU\TPU\conf\5353 
035 |a RU\TPU\conf\5351 
090 |a 607947 
100 |a 20140906d2012 k y0rusy50 ca 
101 0 |a rus 
102 |a RU 
135 |a drcn ---uucaa 
181 0 |a i  
182 0 |a b 
200 1 |a Сопоставительный анализ этнической идентичности иммигрантов с русскими  |f А. В. Нетребина  |g науч. рук. Н. В. Евдокимова 
203 |a Текст  |c электронный 
215 |a 1 файл (105 Кб) 
225 1 |a Внутрикультурная коммуникация в эпоху информационного общества: социально-философский и образовательный аспекты 
300 |a Заглавие с титульного листа. 
300 |a Электронная версия печатной публикации. 
320 |a [Библиогр.: с. 100 (3 назв.)] 
337 |a Adobe Reader 
461 1 |0 (RuTPU)RU\TPU\conf\4597  |t Коммуникативные аспекты языка и культуры  |o сборник материалов XII Международной научно-практической конференции студентов и молодых ученых, г. Томск, 16-18 мая 2012 г.  |o в 3 ч.  |f Национальный исследовательский Томский политехнический университет (ТПУ), Институт международного образования и языковой коммуникации (ИМОЯК) ; под ред. С. А. Песоцкой  |d 2012 
463 0 |0 (RuTPU)RU\TPU\conf\4599  |t Ч. 1  |v [С. 98-100]  |d 2012 
610 1 |a электронный ресурс 
610 1 |a сопоставительный анализ 
610 1 |a этническая идентичность 
610 1 |a иммигранты 
610 1 |a русские 
610 1 |a национальности 
610 1 |a этнические группы 
700 1 |a Нетребина  |b А. В. 
702 1 |a Евдокимова  |b Н. В.  |4 727 
801 1 |a RU  |b 63413507  |c 20140902 
801 2 |a RU  |b 63413507  |c 20160122  |g RCR 
856 4 |u http://www.lib.tpu.ru/fulltext/c/2012/C77/V1/020.pdf 
942 |c BK